Sixteen Symphonies
Guardat en:
| Autor principal: | |
|---|---|
| Format: | Llibre |
| Idioma: | anglès |
| Publicat: |
Londres
Longmans, Green
1949
|
| Matèries: | |
| Etiquetes: |
Afegir etiqueta
Sense etiquetes, Sigues el primer a etiquetar aquest registre!
|
MARC
| LEADER | 00000nam a2200000 a 4500 | ||
|---|---|---|---|
| 001 | UCW2358 | ||
| 003 | CL-VaPUC | ||
| 005 | 20231107093615.0 | ||
| 008 | 890804e19490000UK |||||||||||||||||eng|d | ||
| 999 | |c 216914 |d 216912 | ||
| 040 | |c Pontificia Universidad Católica de Valparaíso | ||
| 082 | 0 | 4 | |a 784.2015 SHO 1949 |2 21 |
| 100 | 0 | |a Shore, Bernard |e author |9 306400 | |
| 245 | 1 | 0 | |a Sixteen Symphonies |
| 260 | |a Londres |b Longmans, Green |c 1949 | ||
| 300 | |a 387 p | ||
| 583 | |a last modification |c 19890804 00:00:00 |k Rodrigo Vera | ||
| 650 | 0 | |a Sinfonías |2 CL-VaPUC |9 353494 | |
| 942 | |c BK |2 ddc | ||
| 945 | |d 19890804 00:00:00 | ||
| 952 | |0 0 |1 0 |4 0 |6 784_201500000000000_SHO_1949 |7 0 |8 A |9 203319 |a BIBEDU |b BIBEDU |d 2019-11-15 |i 2705699 |o 784.2015 SHO 1949 |p 2705699 |r 2023-01-12 |w 2019-11-15 |y BK |k MUS | ||